|
|
|
|
| LEADER |
01526ppm a22003738a 4500 |
| 001 |
00031599 |
| 005 |
20171026081023.0 |
| 008 |
131230s2010 ||||||viesd |
| 041 |
0 |
# |
|a vie
|
| 082 |
1 |
4 |
|b PH561PH
|a 495.922
|
| 245 |
1 |
0 |
|c Nguyễn Thị Kim Cương, Ngô Thị Mỹ Linh, Trần Thị Trúc Linh, Trần Thị Cẩm Như; Nguyễn Thị Bộ (hướng dẫn)
|a Phương pháp dạy học kiểu ôn bài tổng kết Tiếng Việt trong Ngữ văn 9
|b Khóa luận tốt nghiệp : Ngành Sư phạm Ngữ văn: Trình độ : Đại học
|
| 260 |
# |
# |
|a Đồng Tháp
|b Trường Đại học Đồng Tháp
|c 2010
|
| 300 |
# |
# |
|a 46 tr.
|c 30 cm.
|e 1 bản tóm tắt
|b bảng
|
| 500 |
# |
# |
|a ĐTTTS ghi: Bộ Giáo dục và Đào tạo. Trường Đại học Đồng Tháp
|
| 502 |
# |
# |
|a Thư mục : tr.64
|
| 650 |
|
|
|a Tiếng việt
|
| 653 |
# |
# |
|a Lớp 9
|
| 653 |
# |
# |
|a Dạy học
|
| 653 |
# |
# |
|a Ngữ văn
|
| 653 |
# |
# |
|a Tiếng Việt
|
| 700 |
1 |
# |
|a Nguyễn, Thị Kim Cương
|
| 700 |
1 |
# |
|a Ngô, Thị Mỹ Linh
|
| 700 |
1 |
# |
|a Trần, Thị Cẩm Như
|
| 700 |
1 |
# |
|a Trần, Thị Trúc Linh
|
| 700 |
1 |
# |
|e hướng dẫn
|a Nguyễn, Thị Bộ
|
| 852 |
# |
# |
|b Kho đọc
|j KD.0015236
|
| 852 |
# |
# |
|j KD.0015236
|
| 910 |
# |
# |
|d 30/12/2013
|
| 980 |
# |
# |
|a Trung tâm Học liệu Lê Vũ Hùng, Trường Đại học Đồng Tháp
|